000 00564nam a2200205Ia 4500
003 OSt
005 20220926035553.0
006 a|||||r|||| 00| 0
007 ta
008 220923b |||||||| |||| 00| 0 eng d
037 _cGeneral Book
040 _aRTL
_cRTL
_beng
041 _2eng
_aeng
082 _aY:4:69(Y)y7, J8
100 _aRoss Murray G
_992633
245 0 _aCase histories in community organization
490 _aHarper's Social Science Series
942 _hY:4:69(Y)y7, J8
_cGB
_2CC
999 _c662566
_d662566